Music Quiz

Random Music or Lyrics Quiz

'More' Rhymes In Song Lyrics Quiz Stats

Quiz Updated Mar 7, 2018

Challenge
Share
Tweet
Embed
Score 0/30 Timer 08:00
0 Plays Today
% Correct
war
92.2%
more
91.8%
door
91.3%
before
90.8%
pour
90.6%
swore
90.1%
for
89.7%
roar
89.7%
soar
88.6%
pore
87.8%
snore
87.3%
boar
86.7%
floor
85.9%
score
85.2%
restore
84.9%
% Correct
yore
84.1%
your
83.7%
sore
83.2%
core
83.1%
tore
83%
four
82.8%
ignore
82.7%
chore
81.5%
adore
81.4%
ashore
81.3%
ore
80.9%
wore
80.8%
shore
77.3%
bore
72.3%
store
63.1%

You're not logged in!

Compare scores with friends on all Sporcle quizzes.
Sign Up with Email
OR
Log In

You Might Also Like...

Show Comments

Extras

Top Quizzes Today


Score Distribution

Your Account Isn't Verified!

In order to create a playlist on Sporcle, you need to verify the email address you used during registration. Go to your Sporcle Settings to finish the process.

Report this User

Report this user for behavior that violates our Community Guidelines.

Details: